Justicia sin capitalismo, capitalismo sin justicia : una reflexión acerca de las teorías de John Rawls

Bewaard in:
Bibliografische gegevens
Hoofdauteur: Boron, Atilio A.
Formaat: Texto
Gepubliceerd in: Sao Paulo: Universidad de Sao Paulo
Onderwerpen:
Tags: Voeg label toe
Geen labels, Wees de eerste die dit record labelt!

MARC

LEADER 00000 a a2200000 04500
001 32731
003
040
090 |a 203600  
100 |a Boron, Atilio A.  
245 |a Justicia sin capitalismo, capitalismo sin justicia : una reflexión acerca de las teorías de John Rawls  
260 |a Sao Paulo:   |b Universidad de Sao Paulo  
300 |a 26 p.  
650 |a CAPITALISMO  
650 |a CIENCIA POLITICA  
650 |a TEORIA  
650 |a POLITICA  
650 |a FILOSOFIA  
999 |c 456  |d 456